000 00422nam a2200133Ia 4500
005 20251222141803.0
008 251222s9999||||xx |||||||||||||| ||spa||
020 _a84-7908-108-2
082 _a547.28/M26
100 _aMartín Martínez, José Miguel
245 0 _aAdhesión de Polímeros y Elastómeros mediante Adhesivos de Contacto
264 _bSecretariado de Publicaciones de la Universidad de Alicante
942 _cLIB
999 _c6204
_d6204